La filosofía de Eugenio D´ Ors

Análisis tripartito sobre la obra y pensamiento filosófico del español Eugenio D´ Ors. En la primera parte se abordan temas como su estilo filosófico, la vanguardia propia de su forma específica de intelectualidad, una propuesta de una nueva metafísica, una filosofía de la personalidad, entre otros....

Celý popis

Uloženo v:
Podrobná bibliografie
Hlavní autor: Aranguren, José L.
Médium: Kniha
Jazyk:Undetermined
Vydáno: Madrid, España EPESA 1945
Témata:
Tagy: Přidat tag
Žádné tagy, Buďte první, kdo vytvoří štítek k tomuto záznamu!

MARC

LEADER 00000nam a2200000Ia 4500
008 170316s9999 xx 000 0 und d
040 |a cru BVZT 
090 |a 100 A-32f 
100 |a Aranguren, José L.  |9 1031 
245 |a La filosofía de Eugenio D´ Ors  |c / José L. Aranguren 
260 |a Madrid, España  |b EPESA  |c 1945 
300 |a 276 páginas 
520 |a Análisis tripartito sobre la obra y pensamiento filosófico del español Eugenio D´ Ors. En la primera parte se abordan temas como su estilo filosófico, la vanguardia propia de su forma específica de intelectualidad, una propuesta de una nueva metafísica, una filosofía de la personalidad, entre otros. En la segunda parte, los temas tienen que ver con una lectura dialéctica sobre D`Ors: una teoría de las ideas y otra de los principios; así como la poética y la patética como figuras analíticas de su pensamiento. Finalmente, la tercera parte analiza lo que sería una filosofía militante y la relación entre política y pedagogía, para concluir con una una especie de historial anecdotario de una misión, refiriendo una espacialidad ascendente 
650 |a FILOSOFÍA - CRÍTICA  |9 1032 
999 |c 15527  |d 15527 
942 |c 15 D  |h 100 A-32f  |2 z